000 00577nam a2200205Ia 4500
001 42032
008 140425s9999 xx 000 0 und d
020 _a0749448970
040 _cPK-LaUMT
082 _a 153.142
_bBEA-E
100 _aBeard, Colin
245 _aExperiential learning
_ba best practice handbook for educators and trainers
_cBeard, Colin<>Wilson, John P.
250 _a2nd
260 _aLondon,UK:
_bKogan Page,
_c2009
300 _a314 p.
546 _aEN
650 _aActive learning-Handbooks, manuals, etc.
700 _aWilson, John P.
942 _cBK
999 _c40594
_d40594